Teoretická koncepce kontroly a administrativní dozor v zemědělství
Gespeichert in:
| 1. Verfasser: | |
|---|---|
| Weitere Verfasser: | |
| Format: | Buch |
| Sprache: | Tschechisch |
| Veröffentlicht: |
Brno
Univerzita J.E. Purkyně
1983
|
| Tags: |
Keine Tags, Fügen Sie das erste Tag hinzu!
|
MARC
| LEADER | 00000nam a2200000 4500 | ||
|---|---|---|---|
| 001 | c114820 | ||
| 005 | 20050719150404.8 | ||
| 041 | 0 | |a cze | |
| 044 | |a CZ | ||
| 245 | 1 | 0 | |a Teoretická koncepce kontroly a administrativní dozor v zemědělství |c Miloslav Máša, Milan Polián |
| 264 | 1 | |a Brno |b Univerzita J.E. Purkyně |c 1983 | |
| 300 | |a 110 s. | ||
| 100 | 1 | |a Máša, Miloslav | |
| 700 | 1 | |a Polián, Milan | |